International financial reporting and analysis / (Record no. 27129)
[ view plain ]
| 000 -LEADER | |
|---|---|
| fixed length control field | 01232cam a22003495a 4500 |
| 001 - CONTROL NUMBER | |
| control field | 018274188 |
| 003 - CONTROL NUMBER IDENTIFIER | |
| control field | EG-ScBUE |
| 005 - DATE AND TIME OF LATEST TRANSACTION | |
| control field | 20190212143015.0 |
| 008 - FIXED-LENGTH DATA ELEMENTS--GENERAL INFORMATION | |
| fixed length control field | 170225t2017 enka frb 001 0 eng d |
| 015 ## - NATIONAL BIBLIOGRAPHY NUMBER | |
| National bibliography number | GBB8C8149 |
| Source | bnb |
| 016 7# - NATIONAL BIBLIOGRAPHIC AGENCY CONTROL NUMBER | |
| Record control number | 018274188 |
| Source | Uk |
| 020 ## - INTERNATIONAL STANDARD BOOK NUMBER | |
| International Standard Book Number | 9781473725454 (pbk.) |
| 020 ## - INTERNATIONAL STANDARD BOOK NUMBER | |
| International Standard Book Number | 1473725453 (pbk.) |
| 040 ## - CATALOGING SOURCE | |
| Original cataloging agency | StDuBDS |
| Language of cataloging | eng |
| Transcribing agency | StDuBDS |
| Modifying agency | Uk |
| -- | EG-ScBUE |
| 082 04 - DEWEY DECIMAL CLASSIFICATION NUMBER | |
| Classification number | 657.3 |
| Item number | INT |
| Edition number | 22 |
| 245 10 - TITLE STATEMENT | |
| Title | International financial reporting and analysis / |
| Statement of responsibility, etc | David Alexander... [et al.]. |
| 250 ## - EDITION STATEMENT | |
| Edition statement | 7th ed. |
| 260 ## - PUBLICATION, DISTRIBUTION, ETC. (IMPRINT) | |
| Place of publication, distribution, etc | Andover, Hampshire : |
| Name of publisher, distributor, etc | Cengage Learning, |
| Date of publication, distribution, etc | c.2017. |
| 300 ## - PHYSICAL DESCRIPTION | |
| Extent | xv, 834 p. : |
| Other physical details | ill. ; |
| Dimensions | 25 cm. |
| 500 ## - GENERAL NOTE | |
| General note | Previous edition: 2014. |
| 504 ## - BIBLIOGRAPHY, ETC. NOTE | |
| Bibliography, etc | Includes bibliographical references and index. |
| 650 #7 - SUBJECT ADDED ENTRY--TOPICAL TERM | |
| Topical term or geographic name as entry element | Financial statements. |
| Source of heading or term | BUEsh |
| 650 #7 - SUBJECT ADDED ENTRY--TOPICAL TERM | |
| Topical term or geographic name as entry element | Financial statements |
| Form subdivision | Problems, exercises, etc. |
| Source of heading or term | BUEsh |
| 650 #7 - SUBJECT ADDED ENTRY--TOPICAL TERM | |
| Topical term or geographic name as entry element | International business enterprises |
| General subdivision | Finance. |
| Source of heading or term | BUEsh |
| 9 (RLIN) | 32766 |
| 650 #7 - SUBJECT ADDED ENTRY--TOPICAL TERM | |
| Topical term or geographic name as entry element | International business enterprises |
| General subdivision | Finance |
| Form subdivision | Problems, exercises, etc. |
| Source of heading or term | BUEsh |
| 9 (RLIN) | 33661 |
| 651 ## - SUBJECT ADDED ENTRY--GEOGRAPHIC NAME | |
| Source of heading or term | BUEsh |
| 653 ## - INDEX TERM--UNCONTROLLED | |
| Resource For college | BAEPS, Business Administration |
| Arrived date list | February2019 |
| 655 ## - INDEX TERM--GENRE/FORM | |
| Form subdivision | Reading book |
| 690 7# - LOCAL SUBJECT ADDED ENTRY--TOPICAL TERM (OCLC, RLIN) | |
| Topical term or geographic name as entry element | Management and Business Studies |
| Source of heading or term | blcoll |
| 700 1# - ADDED ENTRY--PERSONAL NAME | |
| Personal name | Alexander, David, |
| Dates associated with a name | 1947 June 16- |
| 942 ## - ADDED ENTRY ELEMENTS (KOHA) | |
| Source of classification or shelving scheme | Dewey Decimal Classification |
| Withdrawn status | Item status | Source of classification or shelving scheme | Damaged status | Not for loan | Vendor | Home library | Current library | Shelving location | Date acquired | Source of acquisition | Cost, normal purchase price | Total Checkouts | Full call number | Barcode | Date last seen | Cost, replacement price | Koha item type | Total Renewals | Date last borrowed |
|---|---|---|---|---|---|---|---|---|---|---|---|---|---|---|---|---|---|---|---|
| Dewey Decimal Classification | Baccah | Central Library | Central Library | First floor | 12/02/2019 | Purchase | 950.00 | 657.3 INT | 000044232 | 15/07/2025 | 1187.50 | NB - Book (Non borrowing) | |||||||
| Dewey Decimal Classification | Baccah | Central Library | Central Library | First floor | 12/02/2019 | Purchase | 950.00 | 1 | 657.3 INT | 000044233 | 15/07/2025 | 1187.50 | Book - Borrowing | 1 | 13/03/2021 |